[Event "Golden Rook op (Women)"]
[Site "Chotowa"]
[Date "2003.05.06"]
[Round "1"]
[White "Jalowiec, Halina"]
[Black "Mazurek, Michalina"]
[Result "1-0"]
[WhiteElo "1600"]
[BlackElo "2135"]
[PlyCount "91"]
[EventDate "2003.05.??"]
[EventType "swiss"]
[EventRounds "9"]
[EventCountry "POL"]
[SourceTitle "EXT 2005"]
[Source "ChessBase"]
[SourceDate "2004.11.15"]
[SourceVersion "1"]
[SourceVersionDate "2004.11.15"]
[SourceQuality "1"]

1. Nf3 d5 2. d4 Nf6 3. g3 e6 4. Bg2 c5 5. 0-0 Nc6 6. c3 cxd4 7. Nxd4 Be7 8. Nd2 0-0 9. Re1 Re8 10. N2b3 Nxd4 11. Nxd4 Bd7 12. Qb3 Qc7 13. a4 a6 14. Nf3 Bc5 15. e3 Qb6 16. Qd1 Bd6 17. Qd3 Ne4 18. Nd4 Nc5 19. Qd1 Be5 20. b4 Ne4 21. Qd3 Nd6 22. Nb3 Rec8 23. Nc5 Qc7 24. Bd2 Nc4 25. e4 Nxd2 26. Qxd2 b6 27. f4 Bxf4 28. gxf4 bxc5 29. exd5 exd5 30. Qxd5 Bc6 31. Qxc6 Qxc6 32. Bxc6 Rxc6 33. b5 Rb6 34. c4 f6 35. Kf2 Kf7 36. Red1 a5 37. Rd5 Rc8 38. Rad1 Re6 39. Kf3 h6 40. Rd7+ Re7 41. R1d5 g5 42. Kg4 Ke6 43. R7d6+ Kf7 44. Kf5 gxf4 45. Rxf6+ Kg7 46. Rdd6 1-0